00358nam a2200157Ia 45000010006000000050017000060080041000230410008000640820015000721000033000872450027001202600009001473000028001566500008001846540008001922066820260306172822.0260306t2007||||xx |||||||||||||| ||spa|| aESP a343.6bL65 aLinares, Juan FranciscoeAUT 0aDerecho administrativo c2007 a564 páginas :c23 cm. aGEN aCDE